All train stations in Norway - Statistics

General Stats
  • This quiz has been taken 56 times
  • The average score is 90 of 339
Answer Stats
Answer % Correct
Os
95%
Bergen
86%
Stavanger
86%
81%
Ås
76%
Drammen
76%
Moss
76%
Fredrikstad
71%
Lillehammer
71%
Oslo S
71%
Ski
71%
Bodø
67%
Kongsberg
67%
Kristiansand
67%
Moi
67%
Halden
62%
Hamar
62%
Narvik
62%
Sarpsborg
62%
Skien
62%
Tønsberg
62%
Ål
57%
Asker
57%
Gjøvik
57%
Kongsvinger
57%
Sande
57%
Arendal
52%
Geilo
52%
Hell
52%
Høn
52%
Oslo lufthavn
52%
Porsgrunn
52%
Sandefjord
52%
Voss
52%
Askim
48%
Bryn
48%
Eidsvoll
48%
Gol
48%
Hønefoss
48%
Jessheim
48%
Kolbotn
48%
Lysaker
48%
Mo i Rana
48%
Nationaltheatret
48%
Strømmen
48%
Trondheim S
48%
Arna
43%
Bryne
43%
Dal
43%
Egersund
43%
Elverum
43%
Flå
43%
Flåm
43%
Grorud
43%
Larvik
43%
Levanger
43%
Lørenskog
43%
Mysen
43%
Notodden
43%
Sandvika
43%
Skøyen
43%
Steinkjer
43%
Stjørdal
43%
Fauske
38%
Fetsund
38%
Hokksund
38%
Kløfta
38%
Lier
38%
Ljan
38%
Mjøndalen
38%
Nesbyen
38%
Nydalen
38%
Raufoss
38%
Røros
38%
Vennesla
38%
Vestby
38%
Alvdal
33%
Åsen
33%
Brakerøya
33%
Dale
33%
Dombås
33%
Eina
33%
Finse
33%
Gran
33%
Hakadal
33%
Haugenstua
33%
Heimdal
33%
Holmestrand
33%
Hvalstad
33%
Kjelsås
33%
Melhus
33%
Mosjøen
33%
Myrdal
33%
Nittedal
33%
Oppegård
33%
Otta
33%
Råde
33%
Rakkestad
33%
Rena
33%
Roa
33%
Sørumsand
33%
Spikkestad
33%
Stange
33%
Støren
33%
Tangen
33%
Torp
33%
Tynset
33%
Vestfossen
33%
Vikersund
33%
Alna
29%
Åndalsnes
29%
Brumunddal
29%
Eidsvoll verk
29%
Frogner
29%
Grefsen
29%
Grong
29%
Grua
29%
Gulskogen
29%
Hauketo
29%
Høvik
29%
Jaren
29%
Kråkstad
29%
Langhus
29%
Ler
29%
Lesja
29%
Moelv
29%
Movatn
29%
Nelaug
29%
Oppdal
29%
Paradis
29%
Reinsvoll
29%
Ringebu
29%
Sandnes sentrum
29%
Skoppum
29%
Snåsa
29%
Spydeberg
29%
Stabekk
29%
Stokke
29%
Tøyen
29%
Årnes
24%
Berkåk
24%
Billingstad
24%
Blommenholm
24%
Darbu
24%
Dovre
24%
Fjellhamar
24%
Froland
24%
Gjerstad
24%
Haugastøl
24%
Heggedal
24%
Hjerkinn
24%
Holmlia
24%
Hunderfossen
24%
Koppang
24%
Lademoen
24%
Leangen
24%
Løten
24%
Lunde
24%
Lunner
24%
Mariero
24%
Meråker
24%
Nærbø
24%
Neslandsvatn
24%
Nordagutu
24%
Nordstrand
24%
Øksnevadporten
24%
Ranheim
24%
Rognan
24%
Rygge
24%
Sagdalen
24%
Skarnes
24%
Skogn
24%
Slependen
24%
Sonsveien
24%
Stryken
24%
Tomter
24%
Ustaoset
24%
Verdal
24%
Vevelstad
24%
Vigrestad
24%
Vinstra
24%
Ålen
19%
Åneby
19%
Auli
19%
Bjorli
19%
Bjørnfjell
19%
Bondivann
19%
Drangedal
19%
Ganddal
19%
Greverud
19%
Harestua
19%
Hauerseter
19%
Hommelvik
19%
Ilseng
19%
Jåttåvågen
19%
Kambo
19%
Klepp
19%
Kvitfjell
19%
Leirsund
19%
Lerkendal
19%
Lundamo
19%
Mjølfjell
19%
Myrvoll
19%
Nerdrum
19%
Nyland
19%
Ogna
19%
Rånåsfoss
19%
Rosenholm
19%
Rotvoll
19%
Røyken
19%
Skeiane
19%
Skotbu
19%
Slitu
19%
Steinberg
19%
Storlien
19%
Tolga
19%
Trengereid
19%
Trondheim lufthavn Værnes
19%
Vakås
19%
Varhaug
19%
Varingskollen
19%
Atna
14%
Auma
14%
Bellingmo
14%
Berekvam
14%
Bjerka
14%
Bleiken
14%
Blomheller
14%
Bolstadøyri
14%
Bulken
14%
Eidsberg
14%
Evanger
14%
Gausel
14%
Gullhella
14%
Hallingskeid
14%
Haltdalen
14%
Hanaborg
14%
Håreina
14%
Hellvik
14%
Høybråten
14%
Kjosfossen
14%
Knapstad
14%
Kongsvoll
14%
Kvål
14%
Kvam
14%
Lesjaverk
14%
Lilleby
14%
Lillestrømm
14%
Lindeberg
14%
Majavatn
14%
Marienborg
14%
Namsskogan
14%
Nodeland
14%
Nordby
14%
Opphus
14%
Reinunga
14%
Riksgrensen
14%
Singsås
14%
Sirevåg
14%
Skansen
14%
Snartemo
14%
Snippen
14%
Sparbu
14%
Stanghelle
14%
Steinvik
14%
Svingen
14%
Trofors
14%
Trykkerud
14%
Upsete
14%
Vaksdal
14%
Vatnahalsen
14%
Vegårshei
14%
Vikhammer
14%
Audnedal
10%
Blaker
10%
Blakstad
10%
Bodung
10%
Bøylestad
10%
Bråstad
10%
Breland
10%
Charlottenberg
10%
Dunderland
10%
Evenstad
10%
Flaten
10%
Gjerdåker
10%
Glåmos
10%
Gyland
10%
Haga
10%
Heia
10%
Jørstad
10%
Kløve
10%
Kopperå
10%
Ljosanbotn
10%
Lønsdal
10%
Lunden
10%
Marnadal
10%
Nisterud
10%
Ørneberget
10%
Reimegrend
10%
Reitan
10%
Rise
10%
Røra
10%
Røstad
10%
Seimsgrend
10%
Selsbakk
10%
Sira
10%
Skatval
10%
Skiple
10%
Solbråtan
10%
Søsterbekk
10%
Stai
10%
Storekvina
10%
Tuen
10%
Urdland
10%
Vieren
10%
Ygre
10%
Bergsgrav
5%
Drevvatn
5%
Gudå
5%
Hanestad
5%
Harran
5%
Hegra
5%
Hovin
5%
Katterat
5%
Kotsøy
5%
Langlete
5%
Lassemoen
5%
Mørkved
5%
Oteråga
5%
Rognes
5%
Røkland
5%
Rombak
5%
Ronglan
5%
Skonseng
5%
Starrgrasmyra
5%
Stoa
5%
Tverlandet
5%
Valnesfjord
5%
Viul
5%
No matching quizzes found
Score Distribution
Percent of People with Each Score
Percentile by Number Answered
Your Score History
You have not taken this quiz